Visualizzazione normale
Vista MARC
- Halny S.
di Personal Name
Records bibliografici associati: 1
001 - CONTROL NUMBER
- control field: 24694
003 - CONTROL NUMBER IDENTIFIER
- control field: IT-RoPau
005 - DATE AND TIME OF LATEST TRANSACTION
- control field: 20140512211104.0
008 - FIXED-LENGTH DATA ELEMENTS
- fixed length control field: 140512|| aca||aabn | a|a d
040 ## - CATALOGING SOURCE
- Original cataloging agency: IT-RoPau
- Transcribing agency: IT-RoPau
100 ## - HEADING--PERSONAL NAME
- Personal name: Halny S.
- Miscellaneous information: Codice autore testo/musica SPICS: 25511
- Relator term: Autore testo/musica
- Name of part/section of a work: Jeszcze Moja
670 ## - SOURCE DATA FOUND
- Source citation: Work cat.: (IT-RoPau)99737: AA.VV. 794, Przeboje (Lp Pronit Plp 0032)